|
|
|
แสดงรายละเอียดบรรณานุกรม |
|
|
Brief Record
: Get Marc (ISO 2709)
: E-mail record
: |
| LEADER : 00000nam 2200000uu 4500 | |||
| 001 13399129211 | |||
| 003 ULIB | |||
| 008 020711s2025 th a 000 0 eng d | |||
| 020 ^a9781264278039 | |||
| 060 ^aWB290^bC474P | |||
| 100 ^aCHARLES GOLDBERG | |||
| 245 ^aPRACTICAL GUIDE TO HISTORY TAKING, PHYSICAL EXAM, AND FUNCTIONING IN THE HOSPITAL AND CLINIC | |||
| 250 ^a1st ed | |||
| 260 ^aNew York :^bMcGraw Hill,^c2025 | |||
| 300 ^a554 pages;^b21 cm | |||
| 650 ^aMedical History Taking^xmethods | |||
| 650 ^aPhysical Exammination^xmethods | |||
| 999 ^aประนอม เกษจรัล | |||
| คุณยังไม่ได้ล็อกอิน คุณสามารถมีกิจกรรมร่วมกับเว็บไซต์ได้ แต่ต้องล็อกอินก่อน :: |
|
รายการสื่อสารสนเทศ |
| สถานะ | |||||
| 1. | หนังสือสำรอง สถานะ=หนังสือสำรอง | WB290 C474P ฉ.1 Barcode: 012197 | ►หนังสือทั่วไป | บนชั้น | |
BibComment |
| คอมเมนท์ทรัพยากรรายการนี้ |
|
| |
Copyright 2026. Bcnsprnw @Library |
|